000 00354nam a2200145Ia 4500
008 150201s2013 xx 000 0 und d
082 _a610.7362
_bC13C
100 _aCHOUHAN, ARCHANA
245 _aTB. OF CHILD HEALTH NURSING IN HINDI
250 _a1ST
260 _bJAYPEE
_aDELHI
_c2013
300 _a309
650 _aPEDIATRICS
942 _2ddc
_cBK
_039
999 _c2431
_d2431